000 01313cab a2200313 4500
001 ABS53450
008 090401t1995 xxu||||| |||| 00| 0 eng d
035 _a(Sirsi) u4284
041 _aeng
100 _aPritchard, A.M.
245 _aScarcity and fair rents: a rejoinder
260 _c1995
350 _a0
490 _aJournal of Institute of Rent Officers
_v26(2) July 1995, 7-18(3)
520 _aResponse to critical comments made by Paul N. di C Willan (See Abs52544) on the author`s commentary (see Abs52306) on the Spath Holme Ltd v Greater Manchester and Lancashire Rent Assessment Committee" 1995 and "Castle Court Investment Co (Southampton) v Southern Rent Assessment Panel" 1994 on the interpretation of scarcity and fair rents. Concludes with remarks from Stephen Bryant.
650 _aCASTLE COURT INVESTMENT CO (SOUTHAMPTON)
650 _aFAIR RENTS
650 _aGREATER MANCHESTER AND LANCASHIRE RENT ASSESSMENT COMMITTEE
650 _aMARKET RENTS
650 _aPRIVATE SECTOR
650 _aPUBLIC SECTOR
650 _aRENTED PROPERTY
650 _aSCARCITY
650 _aSOUTHERN RENT ASSESSMENT PANEL
650 _aSPATH HOLME LTD
690 _aPROPERTY-RESIDENTIAL PROPERTY-RESIDENTIAL LANDLORD AND TENANT-RESIDENTIAL TENANCIES
942 _n0
948 _c04/03/1997
999 _c2568
_d2568